01019nam a2200253 a 4500001001000000003000900010005001700019007000300036008004100039020001500080040002500095082003000120100002300150245006600173250001100239260004100250300004400291500007000335500021500405600003000620650002800650651005000678651003700728000014095DO-SdBNP20260321073639.0ta091204e19892009dr aob gr 001 edspa d a8492311339 aDO-SdBNPbspacBNPHU 4a320.97293bJ61c, 20092221 aJiménez, Felucho10a¿Cómo fue el gobierno de Juan Bosch? /cFelucho Jiménez. a4a ed. aSanto Domingo :bAlfa y Omega,c2009 a445 p. :bil., fotogr., mapas ;c21 cm. aIncluye datos biográficos del autor en la solapa de la cubierta aEn la portada: constitución, leyes, decretos, programas y acciones relevantes del gobierno del prof. Juan Bosch del 1963. Incluye una entrevista especial al prof. Juan Bosch acerca de su programa de gobierno.10a Bosch, Juan, d1909-2001 4aPromulgación de leyes 0aRepública DominicanaxPolítica y gobierno 4aRepública DominicanaxHistoria